Top 10 Worst U.S. States to Live in - Statistics

General Stats
  • This quiz has been taken 235 times
  • The average score is 5 of 10
Answer Stats
Rank Answer % Correct
5. Alabama
78%
2. Mississippi
78%
7. Arkansas
65%
1. Louisiana
62%
4. Oklahoma
55%
6. New Mexico
49%
10. Kansas
44%
8. South Carolina
42%
3. California
34%
9. Arizona
32%
No matching quizzes found
Score Distribution
Percent of People with Each Score
Percentile by Number Answered
Your Score History
You have not taken this quiz